Top 20 Longest Rivers in the World - Statistics

General Stats
  • This quiz has been taken 90 times
  • The average score is 12 of 20
Answer Stats
Estimated Length Country/Countries It Flows Through River % Correct
3,970 miles Brazil, Peru, Bolivia, Colombia . . . Amazon River
100%
4,160 miles Egypt, Sudan, Kenya, Tanzania . . . Nile River
100%
3,710 miles United States, Canada Mississippi River
95%
3,915 miles China Yangtze River
94%
3,395 miles China Huang He River
87%
2,920 miles Rwanda, Zambia, Cameroon, DRC . . . Congo River
82%
2,700 miles China, Vietnam, Thailand, Laos . . . Mekong River
74%
2,610 miles Nigeria, Mali, Niger, Guinea . . . Niger River
71%
2,270 miles Russia Volga River
71%
3,360 miles Russia, Kazakhstan, China, Mongolia Ob River
62%
2,730 miles Russia Lena River
57%
2,761 miles Russia, China, Mongolia Amur River
55%
2,280 miles Australia Murray River
53%
2,630 miles Canada Mackenzie River
42%
2,470 miles India, Nepal, Bangladesh, Bhutan . . . Brahmaputra River
38%
3,030 miles Brazil, Argentina, Paraguay, Bolivia . . . Rio de la Plata River
31%
2,270 miles Brazil Tocantins River
22%
3,440 miles Russia, Mongolia Yenisey River
22%
2,100 miles Brazil, Bolivia, Peru Madeira River
16%
2,230 miles Iraq, Turkey, Syria, Iran Shatt al-Arab River
14%
No matching quizzes found
Score Distribution
Percent of People with Each Score
Percentile by Number Answered
Your Score History
You have not taken this quiz